01017cam a2200277 a 4500001000800000005001700008008004100025010001700066020002300083020002200106040001800128043001200146050002500158082002000183245005400203260003100257300003800288504005100326610004000377651004100417651007100458700002700529942001200556999001700568952015400585203085919980702082559.2920323s1992 enkab | b 001 0 eng d a 92010139  a0582059194 (cased) a058205883X (pbk.) aDLCcDLCdDLC ae------00aHC241.2b.E8573 199200a330.94220bEUR04aThe European Economy /cEdited by David A. Dyker. aLondon :bLongman,cc1992. avi, 364 p. :bill., map ;c26 cm. aIncludes bibliographical references and index.20aEuropean Economic Community.910949 0aEuropexEconomic integration.910950 0aEuropean Economic Community countriesxEconomic conditions.9109511 aDyker, David A.910952 2ddccBB c13277d13277 00102ddc40708Donation-GaMAINbMAINc1STd2010-02-04eDonationl0o330.94 EURp000019141r2025-07-15 00:00:00yBBzDonated by : Dr. Bassem Ahmed